[Event "Universidad de Cienfuegos-A 10th"]
[Site "Cienfuegos"]
[Date "2018.02.26"]
[Round "10"]
[White "Perez Leiva, Jerzy Jesus"]
[Black "Subit Alfonso, Jose Luis"]
[Result "1-0"]
[WhiteElo "2255"]
[BlackElo "2201"]
[PlyCount "23"]
[EventDate "2018.02.20"]
[EventType "tourn"]
[EventRounds "10"]
[EventCountry "CUB"]
[SourceTitle "EXT 2021"]
[Source "ChessBase"]
[SourceDate "2020.10.23"]
[SourceVersion "1"]
[SourceVersionDate "2020.10.23"]
[SourceQuality "1"]

1. e4 c5 2. Nf3 Nf6 3. Nc3 d5 4. exd5 Nxd5 5. Bb5+ Bd7 6. Bxd7+ Qxd7 7. 0-0 Nc6 8. d4 e6 9. Nxd5 exd5 10. Re1+ Be7 11. dxc5 0-0 12. Be3 1-0

[Event "Universidad de Cienfuegos-A 10th"]
[Site "Cienfuegos"]
[Date "2018.02.25"]
[Round "9"]
[White "Subit Alfonso, Jose Luis"]
[Black "Gil Alba, Hector Luis"]
[Result "0-1"]
[WhiteElo "2201"]
[BlackElo "2256"]
[PlyCount "56"]
[EventDate "2018.02.20"]
[EventType "tourn"]
[EventRounds "10"]
[EventCountry "CUB"]
[SourceTitle "EXT 2021"]
[Source "ChessBase"]
[SourceDate "2020.10.23"]
[SourceVersion "1"]
[SourceVersionDate "2020.10.23"]
[SourceQuality "1"]

1. e4 e5 2. Nf3 Nc6 3. Bb5 d6 4. c4 Nf6 5. Nc3 Bd7 6. d4 exd4 7. Nxd4 Ne5 8. Bxd7+ Nfxd7 9. b3 g6 10. 0-0 Bg7 11. Be3 Nf6 12. h3 0-0 13. Qd2 Re8 14. Rfe1 c6 15. Rad1 Qa5 16. Bg5 Ned7 17. Nc2 h6 18. Bf4 Ne5 19. Nd5 Qxa2 20. Nc7 Qxb3 21. Bxe5 dxe5 22. Nxa8 Rxa8 23. Rb1 Qxc4 24. Rxb7 Nxe4 25. Qd1 a5 26. Ne3 Qe6 27. Qc2 Nd6 28. Rc7 Nb5 0-1

[Event "Universidad de Cienfuegos-A 10th"]
[Site "Cienfuegos"]
[Date "2018.02.24"]
[Round "7"]
[White "Subit Alfonso, Jose Luis"]
[Black "La Villa Rivas, Marlon Javier"]
[Result "1/2-1/2"]
[WhiteElo "2201"]
[BlackElo "2220"]
[PlyCount "34"]
[EventDate "2018.02.20"]
[EventType "tourn"]
[EventRounds "10"]
[EventCountry "CUB"]
[SourceTitle "EXT 2021"]
[Source "ChessBase"]
[SourceDate "2020.10.23"]
[SourceVersion "1"]
[SourceVersionDate "2020.10.23"]
[SourceQuality "1"]

1. e4 c5 2. Nf3 e6 3. Nc3 Nc6 4. Bb5 Nd4 5. 0-0 a6 6. Bd3 Ne7 7. Nxd4 cxd4 8. Ne2 Nc6 9. c3 dxc3 10. dxc3 Bc5 11. Bf4 0-0 12. Ng3 e5 13. Be3 d6 14. Qf3 g6 15. Rad1 Qe7 16. Bc4 Bxe3 17. Qxe3 Be6 1/2-1/2

[Event "Universidad de Cienfuegos-A 10th"]
[Site "Cienfuegos"]
[Date "2018.02.22"]
[Round "4"]
[White "Gil Alba, Hector Luis"]
[Black "Subit Alfonso, Jose Luis"]
[Result "1-0"]
[WhiteElo "2256"]
[BlackElo "2201"]
[PlyCount "43"]
[EventDate "2018.02.20"]
[EventType "tourn"]
[EventRounds "10"]
[EventCountry "CUB"]
[SourceTitle "EXT 2021"]
[Source "ChessBase"]
[SourceDate "2020.10.23"]
[SourceVersion "1"]
[SourceVersionDate "2020.10.23"]
[SourceQuality "1"]

1. e4 Nf6 2. e5 Nd5 3. d4 d6 4. c4 Nb6 5. exd6 exd6 6. Bd3 Nc6 7. Ne2 g6 8. 0-0 Bg7 9. Be3 0-0 10. Qd2 d5 11. c5 Nd7 12. Nbc3 Nf6 13. h3 Ne7 14. Ng3 Be6 15. Bh6 Qd7 16. Bxg7 Kxg7 17. Qf4 b6 18. Qe5 Nc6 19. Nh5+ gxh5 20. Qg5+ Kh8 21. Qxf6+ Kg8 22. Rfe1 1-0

[Event "Matanzas 28 October Cup"]
[Site "Matanzas"]
[Date "2007.10.26"]
[Round "10"]
[White "Gonzalez Mesa, Daniel"]
[Black "Subit Alfonso, Jose Luis"]
[Result "1-0"]
[WhiteElo "2119"]
[BlackElo "2241"]
[PlyCount "66"]
[EventDate "2007.10.17"]
[EventType "tourn"]
[EventRounds "14"]
[EventCountry "CUB"]
[SourceTitle "EXT 2019"]
[Source "ChessBase"]
[SourceDate "2018.10.10"]
[SourceVersion "1"]
[SourceVersionDate "2018.10.10"]
[SourceQuality "1"]

1. e4 c5 2. Nf3 d6 3. Bb5+ Bd7 4. a4 Nf6 5. Nc3 g6 6. e5 dxe5 7. Nxe5 Bg7 8. 0-0 0-0 9. Re1 a6 10. Nxd7 Nbxd7 11. Bc4 Nb6 12. Be2 Nbd5 13. Bf3 e6 14. Nxd5 Nxd5 15. d3 Qc7 16. Qe2 Rab8 17. a5 Rfd8 18. h4 h6 19. h5 gxh5 20. Bxh5 Nf6 21. Bf3 b5 22. axb6 Rxb6 23. Bd2 Nd7 24. Ba5 Bxb2 25. Bxb6 Qxb6 26. Rab1 Rb8 27. Qd2 a5 28. Qxh6 Qc7 29. Qg5+ Bg7 30. Qe7 Rxb1 31. Rxb1 Bf6 32. Qe8+ Kg7 33. Bh5 Qg3 1-0

[Event "Matanzas Province-ch final"]
[Site "Jaguey Grande"]
[Date "2007.10.13"]
[Round "13"]
[White "Subit Alfonso, Jose Luis"]
[Black "Hernandez Marquez, Noel"]
[Result "0-1"]
[WhiteElo "2241"]
[BlackElo "2328"]
[PlyCount "64"]
[EventDate "2007.10.01"]
[EventType "tourn"]
[EventRounds "15"]
[EventCountry "CUB"]
[EventCategory "1"]
[SourceTitle "EXT 2019"]
[Source "ChessBase"]
[SourceDate "2018.10.10"]
[SourceVersion "1"]
[SourceVersionDate "2018.10.10"]
[SourceQuality "1"]

1. e4 e5 2. Nf3 Nc6 3. Bb5 a6 4. Ba4 Nf6 5. 0-0 b5 6. Bb3 Bb7 7. Qe2 Bc5 8. a4 0-0 9. axb5 axb5 10. Rxa8 Qxa8 11. Nc3 Nd4 12. Nxd4 exd4 13. Nd5 Nxd5 14. exd5 Bxd5 15. Bxd5 Qxd5 16. Qxb5 d3 17. Qxd3 Qxd3 18. cxd3 Re8 19. g4 Bd4 20. Kg2 c5 21. Kf3 Re6 22. h4 d5 23. Kg2 Kf8 24. f4 Ke8 25. f5 Re2+ 26. Kf3 Re7 27. g5 Kd7 28. Kg4 Kc6 29. Kh5 f6 30. g6 h6 31. b4 cxb4 32. Rf4 Kc5 0-1

[Event "Matanzas Province-ch final"]
[Site "Jaguey Grande"]
[Date "2007.10.04"]
[Round "4"]
[White "Subit Alfonso, Jose Luis"]
[Black "Borges Feria, Yasel"]
[Result "1-0"]
[WhiteElo "2241"]
[BlackElo "2355"]
[PlyCount "61"]
[EventDate "2007.10.01"]
[EventType "tourn"]
[EventRounds "15"]
[EventCountry "CUB"]
[EventCategory "1"]
[SourceTitle "EXT 2019"]
[Source "ChessBase"]
[SourceDate "2018.10.10"]
[SourceVersion "1"]
[SourceVersionDate "2018.10.10"]
[SourceQuality "1"]

1. Nf3 c5 2. c4 Nc6 3. Nc3 g6 4. e3 Bg7 5. d4 cxd4 6. exd4 d6 7. d5 Ne5 8. Nxe5 Bxe5 9. Be2 h5 10. Be3 Nf6 11. h3 Qa5 12. 0-0 Bf5 13. Re1 0-0 14. Bf1 Rfe8 15. f4 Bxc3 16. bxc3 e5 17. fxe5 dxe5 18. Bd3 Bxd3 19. Qxd3 Qc7 20. Rf1 Nh7 21. c5 f5 22. Rab1 Rad8 23. Rb2 Qf7 24. c4 f4 25. Bd2 Rd7 26. Bc3 Nf6 27. g3 g5 28. gxf4 gxf4 29. Rg2+ Kh8 30. Qf5 Rg8 31. Bxe5 1-0

[Event "Matanzas Province-ch final"]
[Site "Jaguey Grande"]
[Date "2007.10.02"]
[Round "2"]
[White "Subit Alfonso, Jose Luis"]
[Black "Gonzalez Mesa, Daniel"]
[Result "0-1"]
[WhiteElo "2241"]
[BlackElo "2119"]
[PlyCount "94"]
[EventDate "2007.10.01"]
[EventType "tourn"]
[EventRounds "15"]
[EventCountry "CUB"]
[EventCategory "1"]
[SourceTitle "EXT 2019"]
[Source "ChessBase"]
[SourceDate "2018.10.10"]
[SourceVersion "1"]
[SourceVersionDate "2018.10.10"]
[SourceQuality "1"]

1. Nf3 Nf6 2. d4 g6 3. c4 Bg7 4. Nc3 0-0 5. g3 d6 6. Bg2 Nc6 7. 0-0 e5 8. d5 Ne7 9. Qc2 h6 10. b4 a5 11. bxa5 Rxa5 12. Bd2 Ra6 13. e4 Nd7 14. Ne1 Nc5 15. Nd3 Nxd3 16. Qxd3 f5 17. f3 f4 18. Rfc1 b6 19. a4 h5 20. Nb5 g5 21. a5 Ng6 22. axb6 cxb6 23. Bb4 Rf6 24. Rxa6 Bxa6 25. Qa3 Bxb5 26. cxb5 g4 27. fxg4 hxg4 28. Ra1 f3 29. Qa8 Rf8 30. Qxd8 Rxd8 31. Bf1 Bh6 32. Be1 Be3+ 33. Bf2 Bd4 34. Ra6 Rb8 35. h3 Kg7 36. hxg4 Kf6 37. g5+ Kxg5 38. Bh3 Rb7 39. Bf5 Rc7 40. Bxd4 exd4 41. Bxg6 Kg4 42. Ra1 Kxg3 43. e5 dxe5 44. Bf5 Rf7 45. Be6 Rh7 46. Ra3 e4 47. d6 d3 0-1

[Event "Cienfuegos University"]
[Site "Cienfuegos"]
[Date "1998.??.??"]
[Round "1"]
[White "Fuentes, Luis"]
[Black "Subit Alfonso, Jose Luis"]
[Result "0-1"]
[WhiteElo "2225"]
[BlackElo "2280"]
[PlyCount "121"]
[EventDate "1998.??.??"]
[EventType "tourn"]
[EventRounds "13"]
[EventCountry "CUB"]
[SourceTitle "EXT 2001"]
[Source "ChessBase"]
[SourceDate "2000.11.22"]
[SourceVersion "1"]
[SourceVersionDate "2000.11.22"]
[SourceQuality "1"]

1. e4 e5 2. Nf3 Nc6 3. Bb5 Nge7 4. Nc3 g6 5. d4 exd4 6. Nd5 Bg7 7. Bg5 h6 8. Bf6 Bxf6 9. Nxf6+ Kf8 10. 0-0 Kg7 11. Nd5 Rf8 12. Bxc6 dxc6 13. Qxd4+ f6 14. Nxe7 Qxe7 15. h3 Be6 16. Rfe1 c5 17. Qc3 a5 18. a4 b6 19. Nh2 Rad8 20. Qg3 Qd6 21. e5 fxe5 22. Rxe5 Rf5 23. Nf3 Rxe5 24. Nxe5 Bf5 25. c3 Re8 26. f4 Qd2 27. Rf1 Re6 28. Qf3 Bc2 29. h4 h5 30. Qg3 Bf5 31. Qf3 Bc2 32. Qb7 Re7 33. Qc6 Qe3+ 34. Rf2 Qe1+ 35. Rf1 Qe3+ 36. Rf2 Qe1+ 37. Rf1 Qxh4 38. Qf3 Qf6 39. g4 hxg4 40. Nxg4 Qf5 41. Qh3 Qh5 42. Qg3 Bd3 43. Rf3 Bf5 44. Ne5 Re8 45. Rf1 Qe2 46. b3 Rd8 47. c4 Qb2 48. Qg5 Qd4+ 49. Rf2 Re8 50. Qg3 Be4 51. Nxg6 Bxg6 52. f5 Re1+ 53. Kh2 Qe5 54. Qxe5+ Rxe5 55. fxg6 Re3 56. Rf7+ Kxg6 57. Rxc7 Rxb3 58. Kg2 Kf5 59. Kf2 Ke4 60. Rd7 Rb4 61. Rd6 0-1

[Event "Capablanca Memorial (Women)"]
[Site "Matanzas"]
[Date "1995.??.??"]
[Round "?"]
[White "Palao, Maricela"]
[Black "Subit Alfonso, Jose Luis"]
[Result "0-1"]
[WhiteElo "2150"]
[BlackElo "2360"]
[PlyCount "56"]
[EventDate "1995.??.??"]
[EventType "tourn"]
[EventRounds "13"]
[EventCountry "CUB"]
[SourceTitle "EXT 2000"]
[Source "ChessBase"]
[SourceDate "1999.11.16"]
[SourceVersion "1"]
[SourceVersionDate "1999.11.16"]
[SourceQuality "1"]

1. d4 c5 2. d5 e5 3. e4 d6 4. Nf3 Be7 5. Bd3 Nf6 6. c4 Nbd7 7. 0-0 0-0 8. Re1 Ne8 9. Nc3 g6 10. Bh6 Ng7 11. Qd2 Nf6 12. h3 Kh8 13. Kh2 Ng8 14. Bxg7+ Kxg7 15. g4 Kh8 16. Rg1 Bd7 17. Rg2 Bf6 18. Kh1 Qe7 19. Rag1 Bg7 20. Qg5 f6 21. Qd2 Bh6 22. Qc2 Rf7 23. Ne2 Qf8 24. Nh4 Ne7 25. Rg3 Bf4 26. Nxf4 exf4 27. Rf3 Qh6 28. Ng2 Bxg4 0-1

[Event "Capablanca Memorial (Women)"]
[Site "Matanzas"]
[Date "1995.??.??"]
[Round "?"]
[White "Subit Alfonso, Jose Luis"]
[Black "De Armas Perez, Acela"]
[Result "1-0"]
[WhiteElo "2360"]
[BlackElo "2170"]
[PlyCount "69"]
[EventDate "1995.??.??"]
[EventType "tourn"]
[EventRounds "13"]
[EventCountry "CUB"]
[SourceTitle "EXT 2000"]
[Source "ChessBase"]
[SourceDate "1999.11.16"]
[SourceVersion "1"]
[SourceVersionDate "1999.11.16"]
[SourceQuality "1"]

1. e4 d6 2. d4 g6 3. Nc3 Bg7 4. Bg5 Nc6 5. Bb5 a6 6. Bxc6+ bxc6 7. Qd2 Rb8 8. 0-0-0 Be6 9. Nge2 Qc8 10. h4 h6 11. Be3 Qb7 12. b3 Nf6 13. h5 g5 14. f4 gxf4 15. Bxf4 Bg4 16. Rh4 Qb4 17. Qd3 Bxh5 18. Rdh1 Bxe2 19. Nxe2 Qa3+ 20. Kb1 h5 21. Bc1 Qa5 22. Bd2 Qb5 23. c4 Qb6 24. Ng3 e6 25. Bc3 d5 26. cxd5 cxd5 27. e5 Ne4 28. Nxh5 Rxh5 29. Rxh5 Qb5 30. Qf3 Bf8 31. Rh8 Qd7 32. Ka1 Rb5 33. Bb2 Qe7 34. Bc1 Kd7 35. R1h7 1-0

[Event "Capablanca Memorial (Women)"]
[Site "Matanzas"]
[Date "1995.??.??"]
[Round "?"]
[White "Subit Alfonso, Jose Luis"]
[Black "Fandino Reyes, Roquelina"]
[Result "1/2-1/2"]
[WhiteElo "2360"]
[BlackElo "2155"]
[PlyCount "23"]
[EventDate "1995.??.??"]
[EventType "tourn"]
[EventRounds "13"]
[EventCountry "CUB"]
[SourceTitle "EXT 2000"]
[Source "ChessBase"]
[SourceDate "1999.11.16"]
[SourceVersion "1"]
[SourceVersionDate "1999.11.16"]
[SourceQuality "1"]

1. e4 e5 2. Nf3 d6 3. d4 Nd7 4. Nc3 c6 5. Bc4 Be7 6. 0-0 Ngf6 7. dxe5 dxe5 8. a4 0-0 9. Qe2 Qc7 10. Bg5 Nc5 11. Bxf6 Bxf6 12. a5 1/2-1/2

[Event "CUB-ch"]
[Site "Matanzas"]
[Date "1994.??.??"]
[Round "?"]
[White "Rodriguez, Pedro"]
[Black "Subit Alfonso, Jose Luis"]
[Result "1-0"]
[WhiteElo "2320"]
[BlackElo "2370"]
[PlyCount "61"]
[EventDate "1994.??.??"]
[EventType "swiss"]
[EventRounds "13"]
[EventCountry "CUB"]
[SourceTitle "EXT 2003"]
[Source "ChessBase"]
[SourceDate "2002.11.25"]
[SourceVersion "1"]
[SourceVersionDate "2002.11.25"]
[SourceQuality "1"]

1. e4 e5 2. Nf3 d6 3. d4 Nf6 4. dxe5 Nxe4 5. Qd5 Nc5 6. Bg5 Qd7 7. exd6 Bxd6 8. Nc3 0-0 9. 0-0-0 Nc6 10. Nb5 Qg4 11. Nxd6 cxd6 12. Be3 Be6 13. Qxd6 Ne4 14. Qa3 Rfc8 15. h3 Qh5 16. Bd3 f5 17. g4 Qf7 18. gxf5 Bxf5 19. Nh4 Ne5 20. Nxf5 Qxf5 21. Rhg1 Rf8 22. Bd4 Rf7 23. Qb3 Rc8 24. Kb1 g6 25. Bxe5 Qxe5 26. Bc4 Rxc4 27. Qxc4 Qf4 28. Rd8+ Kg7 29. Qd4+ Kh6 30. Rg4 Qxf2 31. Rxe4 1-0